000 00529nam a2200193 i 4500
001 97179
003 ES-MaACL
005 20260521123126.0
007 t|
008 050707s1974 sp ||||1| spa d
100 1 _aMao, Zedong,
_d1893-1976
_9170492
245 1 3 _aLa guerra revolucionaria /
_cMao Tse-Tung.
260 _aBarcelona :
_bGrijalbo,
_c1974.
300 _a158 p. ;
_c18 cm.
490 1 _aColeccion 70 ;
_v112
830 0 _aColeccion 70 ;
_v112
_9182684
852 _aES-MaACL
_jE-6762
_bR.90928
999 _c97179
_d97179